Statistics for Global Cities with the Lowest Summer Dew Point

Click here to take the quiz!

General Stats

  • This quiz has been taken 10 times
  • The average score is 7 of 16

Answer Stats

HintAnswer% Correct
50Amman
71%
47Mexico City
71%
36Riyadh
71%
40Calgary
57%
51Santiago
57%
32La Paz
43%
51Oslo
43%
50Quito
43%
46Salt Lake City
43%
50Almaty
29%
50Ankara
29%
50Berlin
29%
50Bogotá
29%
48Madrid
29%
50Querétaro
29%
49Vancouver
29%

Score Distribution

Percentile by Number Answered

Percent of People with Each Score

Your Score History

You have not taken this quiz